| 000 | 00379nam a2200157Ia 4500 | ||
|---|---|---|---|
| 008 | 221030s9999 xx 000 0 und d | ||
| 041 | _aEnglish | ||
| 082 | _a105.23 | ||
| 100 | _aR. Resnick | ||
| 245 | 0 |
_aPhysics Part I _cby R. Resnick, D. Halliday |
|
| 260 |
_bWiley Eastern _aNew Delhi _c1969 |
||
| 300 | _a646 | ||
| 650 | _aPhysics | ||
| 700 | _aD. Halliday | ||
| 942 | _cBK | ||
| 999 |
_c10758 _d10758 |
||